Normal view MARC view
  • KHAN, SHAHRUKH 2- KUMAR, DR, NISHANT KUMAR 3- SHUKLA, DR, ANKIT 4- RANDHAWA, AMANDEEP SINGH

Entry Personal Name

Number of records used in: 1

001 - CONTROL NUMBER

  • control field: 8817

003 - CONTROL NUMBER IDENTIFIER

  • control field: JRU

005 - DATE AND TIME OF LATEST TRANSACTION

  • control field: 20251125111250.0

008 - FIXED-LENGTH DATA ELEMENTS

  • fixed length control field: 251125|| aca||aabn | a|a d

040 ## - CATALOGING SOURCE

  • Original cataloging agency: JRU
  • Transcribing agency: JRU

100 ## - HEADING--PERSONAL NAME

  • Personal name: KHAN, SHAHRUKH 2- KUMAR, DR, NISHANT KUMAR 3- SHUKLA, DR, ANKIT 4- RANDHAWA, AMANDEEP SINGH

670 ## - SOURCE DATA FOUND

  • Source citation: Work cat.: (JRU)8998: KHAN, SHAHRUKH 2- KUMAR, DR, NISHANT KUMAR 3- SHUKLA, DR, ANKIT 4- RANDHAWA, AMANDEEP SINGH, TEXT BOOK OF PHARMACY PRACTICE FOR B. PHARM [ 7TH SEMESTER] , 2024